| 000 | 00483nam a2200169Ia 4500 | ||
|---|---|---|---|
| 999 |
_c19939 _d19939 |
||
| 003 | OSt | ||
| 005 | 20200622120044.0 | ||
| 008 | 190216s9999||||xx |||||||||||||| ||und|| | ||
| 040 | _coclc | ||
| 082 |
_a954.025 _bSAR/S |
||
| 100 |
_aSarkar, Jadunath _93091 |
||
| 245 | 0 |
_aA Short History Of Aurangzib / _cJadunath Sarkar |
|
| 260 |
_bOrient Longman, _aDelhi: _c1979. |
||
| 300 | _a426p | ||
| 650 | _aHistory | ||
| 942 |
_cBK _2ddc _h954.025 _iSAR/S _k954.025 _mSAR/S |
||